| 000 | 00615nam a2200217Ia 4500 | ||
|---|---|---|---|
| 001 | b4130-24766 [3681] | ||
| 003 | IT-MiCISF | ||
| 008 | 161014s9999||||xx |||||||||||||| ||und|| | ||
| 040 |
_aIT-MiCISF _cIT-MiCISF |
||
| 041 | _ait | ||
| 100 | _aDunn Judy | ||
| 245 | 0 |
_aVite separate _bPerché i fratelli sono così diversi? |
|
| 250 | _a1a ed. | ||
| 260 |
_a Firenze _bGiunti _c1997 [Edizione originale: 1990] |
||
| 300 | _app. 170 | ||
| 500 | _a / rapporti-fratelli, rapporti-genitori-figli, comportamento / | ||
| 650 | _afamiglia | ||
| 700 | _aPlomin Robert | ||
| 942 | _cBK | ||
| 957 | _71 | ||
| 999 |
_a24766 _bsi _g1 _c213167 _d213167 |
||